000 00996nam a2200277Ia 4500
003 OSt
005 20221005105857.0
006 a|||||r|||| 00| 0
007 ta
008 221004b |||||||| |||| 00| 0 hin d
020 _a9788126010301 (pbk)
_cINR 80.00
024 _a37487
037 _bBW/1666, 14/03/2018, Bookwell
_cTextual
040 _aCRL
_cCRL
_bhin
041 _2hin
_ahin
082 _aO157,3N39,AN, 152Q7
100 _aपालित, दिव्येन्दु, ले.
_9157331
245 0 _aअनुभव
246 _aAnubhava
260 _aनई दिल्ली
_bसाहित्य अकादेमी भारत
_c2017
300 _a123पृ0
_ccm.
650 _a बंगाली साहित्य
650 _aबंगाली कहानी
942 _hO157,3N39,AN, 152Q7
_cTEXL
_2cc
999 _c1017167
_d1017167